000 00703nam a2200205 a 4500
001 000022998
005 20200930021924.0
008 101124s1998 ve a r 000 | spa d
020 _a9803171461
040 _aDO-SdBNP
_bspa
_cBNPHU
082 _axxx
_bS678c
245 1 0 _aSociedad civil e integración regional en el Gran Caribe /
_ccoordinadores, Francine Jácome, Andrés Serbin, edición al cuidado de Helena González.
260 _aCaracas :
_bNueva Sociedad,
_c1998.
300 _a185 p. :
_bil. ;
_c23 cm.
500 _aIncluye lista de autores y anexos
700 1 _aJácome, Francine
_947311
700 1 _aSerbin, Andrés
_930573
700 1 _aGonzález, Helena
_eed.
_919692
049 _aBNGR
999 _c22495
_d22495